LIBRARY & INFORMATION CENTRE, KCAET, TAVANUR

ONLINE PUBLIC ACCESS CATALOGUE (OPAC)

Rice in India / (Record no. 7389)

MARC details
000 -LEADER
fixed length control field 00567cam a2200229ua 4500
041 ## - LANGUAGE CODE
Language code of text/sound track or separate title eng
082 ## - DEWEY DECIMAL CLASSIFICATION NUMBER
Classification number 633.18
Item number GHO/RI
100 ## - MAIN ENTRY--AUTHOR NAME
Personal name Ghose, R L M .
245 ## - TITLE STATEMENT
Title Rice in India /
250 ## - EDITION STATEMENT
Edition statement 1 /
260 ## - PUBLICATION, DISTRIBUTION, ETC. (IMPRINT)
Place of publication New Delhi :
Name of publisher Indian Council for Agricultural Research ,
Year of publication 1960.
300 ## - PHYSICAL DESCRIPTION
Number of Pages 470 ; .
700 1# - ADDED ENTRY--PERSONAL NAME
Personal name Ghatge, M B .
700 1# - ADDED ENTRY--PERSONAL NAME
Personal name Subrahmanyan, V .
942 ## - ADDED ENTRY ELEMENTS (KOHA)
Koha item type Books
Holdings
Withdrawn status Lost status Damaged status Home library Current library Date acquired Cost, normal purchase price Full call number Accession Number Koha item type Public note
      KAUAET KAUAET 07/04/2012   633.18 6101 Books  
Withdrawn     KAUAET KAUAET 07/04/2012 12.00 633.18 7326 Books  
Withdrawn     KAUAET Sanskrit University 07/04/2012 12.00 633.18 7325 Books Transferred to Sanskrit University
free website counter